00459 a2200145 4500001001000000005001700010008004100027245008100068100001700149700002300166700001800189700001700207773007200224999001700296ART_1155820260410161858.0260409a 10aA microeconomic analysis of wage determination in the Canadian public sector1 aAuld, D.A.L.1 aChristofides, L.N.1 aSwidinsky, R.1 aWilton, D.A.0 tJournal of public economicsg- Vol. 13, NÂș 3 (jun. 1980)wREV11485 c25639d25639